[Event "Ruhrgebiet Verbandsklasse Gruppe 2 1415"]
[Site "Germany"]
[Date "2015.03.29"]
[Round "8.7"]
[White "Kraska, Erwin"]
[Black "Hoffmann, Ben"]
[Result "1/2-1/2"]
[WhiteElo "1600"]
[BlackElo "1713"]
[PlyCount "68"]
[EventDate "2014.09.21"]
[EventType "team-tourn"]
[EventRounds "9"]
[EventCountry "GER"]
[SourceTitle "EXT 2022"]
[Source "ChessBase"]
[SourceDate "2021.10.06"]
[SourceVersion "1"]
[SourceVersionDate "2021.10.06"]
[SourceQuality "1"]
[WhiteTeam "Muelheim Nord V"]
[BlackTeam "Oberhausen SV III"]
[WhiteTeamCountry "GER"]
[BlackTeamCountry "GER"]

1. Nf3 d5 2. g3 Nf6 3. Bg2 g6 4. b3 Bg7 5. Bb2 Nbd7 6. d3 b6 7. 0-0 0-0 8. Nbd2 Bb7 9. Re1 Rb8 10. Rb1 e6 11. e4 dxe4 12. dxe4 Re8 13. c4 Nc5 14. Ne5 Qd6 15. Nxf7 Kxf7 16. e5 Qe7 17. exf6 Bxf6 18. Bxb7 Nxb7 19. Qf3 Kg7 20. Bxf6+ Qxf6 21. Qxf6+ Kxf6 22. Ne4+ Kg7 23. Ng5 e5 24. Rbd1 Re7 25. Ne4 Rd8 26. Rxd8 Nxd8 27. Rd1 Nc6 28. Rd5 h6 29. a3 Kf7 30. b4 Ke6 31. Rd3 Rd7 32. Rxd7 Kxd7 33. Nc3 Nd4 34. Kg2 Nc2 1/2-1/2

[Event "Ruhrgebiet Verbandsklasse Gruppe 2 1415"]
[Site "Germany"]
[Date "2014.10.19"]
[Round "2.7"]
[White "Hoffmann, Ben"]
[Black "Hofer, Stefan"]
[Result "1/2-1/2"]
[WhiteElo "1713"]
[BlackElo "1728"]
[PlyCount "86"]
[EventDate "2014.09.21"]
[EventType "team-tourn"]
[EventRounds "9"]
[EventCountry "GER"]
[SourceTitle "EXT 2022"]
[Source "ChessBase"]
[SourceDate "2021.10.06"]
[SourceVersion "1"]
[SourceVersionDate "2021.10.06"]
[SourceQuality "1"]
[WhiteTeam "Oberhausen SV III"]
[BlackTeam "Bochum SC an der Uni"]
[WhiteTeamCountry "GER"]
[BlackTeamCountry "GER"]

1. e4 c5 2. Nc3 d6 3. f4 g6 4. Nf3 Bg7 5. Bb5+ Bd7 6. 0-0 Bxb5 7. Nxb5 Nc6 8. Rb1 Nf6 9. d3 0-0 10. a3 Qb6 11. Nc3 e6 12. Be3 Ng4 13. Bf2 Nxf2 14. Rxf2 Rad8 15. Kh1 c4 16. Re2 Nd4 17. Nxd4 Qxd4 18. Nb5 Qc5 19. dxc4 Qxc4 20. Qd3 Qxd3 21. cxd3 a6 22. Nc3 Rc8 23. e5 dxe5 24. fxe5 Rfd8 25. Rd1 Rd4 26. Re3 Rc5 27. Rde1 Bh6 28. Rf3 Bd2 29. Ref1 Bxc3 30. bxc3 Rd7 31. d4 Ra5 32. Ra1 Ra4 33. Kg1 b5 34. Rd3 Kf8 35. Kf2 Ke8 36. Ke2 Kd8 37. Rdd1 Rc4 38. Rdc1 Rdc7 39. Kd2 Ra4 40. Rcb1 Rac4 41. Rb3 Kd7 42. Rf1 Kc6 43. Rf3 Ra4 1/2-1/2

[Event "Ruhrgebiet VK3 0708"]
[Site "Germany"]
[Date "2008.03.09"]
[Round "7.6"]
[White "Aranovsky, Mikhail"]
[Black "Hoffmann, Ben"]
[Result "1/2-1/2"]
[WhiteElo "1877"]
[BlackElo "1755"]
[PlyCount "40"]
[EventDate "2007.09.16"]
[EventType "team"]
[EventRounds "9"]
[EventCountry "GER"]
[SourceTitle "EXT 2009"]
[Source "ChessBase"]
[SourceDate "2008.11.26"]
[SourceVersion "1"]
[SourceVersionDate "2008.11.26"]
[SourceQuality "1"]
[WhiteTeam "Bochum Uni"]
[BlackTeam "Oberhausen III"]
[WhiteTeamCountry "GER"]
[BlackTeamCountry "GER"]

1. d4 d5 2. Nf3 Nf6 3. c4 e6 4. Nc3 Nbd7 5. Bg5 Be7 6. e3 0-0 7. Bd3 dxc4 8. Bxc4 c5 9. 0-0 Nb6 10. Be2 Nbd5 11. Nxd5 Nxd5 12. Bxe7 Qxe7 13. dxc5 Qxc5 14. Rc1 Qb6 15. Qd4 Bd7 16. Qxb6 Nxb6 17. Ne5 Rac8 18. Bf3 Rxc1 19. Rxc1 Rc8 20. Rd1 Rc7 1/2-1/2

[Event "Ruhrgebiet VK3 0708"]
[Site "Germany"]
[Date "2008.01.20"]
[Round "5.5"]
[White "Hoffmann, Ben"]
[Black "Grodotzki, Thomas"]
[Result "1/2-1/2"]
[WhiteElo "1755"]
[BlackElo "1994"]
[PlyCount "35"]
[EventDate "2007.09.16"]
[EventType "team"]
[EventRounds "9"]
[EventCountry "GER"]
[SourceTitle "EXT 2009"]
[Source "ChessBase"]
[SourceDate "2008.11.26"]
[SourceVersion "1"]
[SourceVersionDate "2008.11.26"]
[SourceQuality "1"]
[WhiteTeam "Oberhausen III"]
[BlackTeam "Bergeborbeck Wacker"]
[WhiteTeamCountry "GER"]
[BlackTeamCountry "GER"]

1. e4 Nf6 2. Nc3 d5 3. exd5 Nxd5 4. Nxd5 Qxd5 5. d4 Nc6 6. c3 e5 7. dxe5 Qxd1+ 8. Kxd1 Nxe5 9. Be2 Bf5 10. Bf4 0-0-0+ 11. Ke1 Nd3+ 12. Bxd3 Bxd3 13. Be3 Be7 14. f3 f5 15. Kf2 g5 16. Re1 Bf6 17. f4 g4 18. Ne2 1/2-1/2

[Event "Ruhrgebiet VK3 0708"]
[Site "Germany"]
[Date "2007.11.18"]
[Round "3.6"]
[White "Hoffmann, Ben"]
[Black "Stahlhofen, Thomas"]
[Result "0-1"]
[WhiteElo "1755"]
[BlackElo "1731"]
[PlyCount "66"]
[EventDate "2007.09.16"]
[EventType "team"]
[EventRounds "9"]
[EventCountry "GER"]
[SourceTitle "EXT 2009"]
[Source "ChessBase"]
[SourceDate "2008.11.26"]
[SourceVersion "1"]
[SourceVersionDate "2008.11.26"]
[SourceQuality "1"]
[WhiteTeam "Oberhausen III"]
[BlackTeam "RE Sued"]
[WhiteTeamCountry "GER"]
[BlackTeamCountry "GER"]

1. e4 e6 2. d4 d5 3. exd5 exd5 4. Bd3 Bd6 5. Ne2 Nf6 6. Bf4 Bg4 7. Bxd6 Qxd6 8. c3 Nc6 9. Nd2 0-0 10. f3 Bd7 11. Qc2 g6 12. 0-0 Ne7 13. Ng3 h5 14. Nh1 Bf5 15. Nf2 a5 16. a4 Bxd3 17. Nxd3 Nf5 18. Rfe1 h4 19. Nb3 Kg7 20. Re5 Nd7 21. Re2 Rh8 22. Rae1 h3 23. Ne5 Nh4 24. Qd2 Nxg2 25. Rf1 Rae8 26. Nxd7 Qxd7 27. Nc5 Qc6 28. Ra1 b6 29. Nd3 Rxe2 30. Qxe2 Re8 31. Qf2 f6 32. Rb1 Qc4 33. Ne1 Nf4 0-1

[Event "Ruhrgebiet VK3 0708"]
[Site "Germany"]
[Date "2007.10.21"]
[Round "2.5"]
[White "Hoffmann, Ben"]
[Black "Schuetz, Ralf"]
[Result "0-1"]
[WhiteElo "1755"]
[BlackElo "1791"]
[PlyCount "68"]
[EventDate "2007.09.16"]
[EventType "team"]
[EventRounds "9"]
[EventCountry "GER"]
[SourceTitle "EXT 2009"]
[Source "ChessBase"]
[SourceDate "2008.11.26"]
[SourceVersion "1"]
[SourceVersionDate "2008.11.26"]
[SourceQuality "1"]
[WhiteTeam "Oberhausen III"]
[BlackTeam "Boenen SV"]
[WhiteTeamCountry "GER"]
[BlackTeamCountry "GER"]

1. e4 e6 2. d4 d5 3. exd5 exd5 4. Bd3 Bd6 5. c3 Ne7 6. Ne2 Bg4 7. Qb3 b6 8. f3 Be6 9. Bg5 0-0 10. 0-0 h6 11. Bh4 c5 12. dxc5 bxc5 13. c4 Nbc6 14. cxd5 Bxd5 15. Qd1 Qc7 16. h3 Rad8 17. Nbc3 c4 18. Nxd5 Bc5+ 19. Kh1 Rxd5 20. Qc1 cxd3 21. Nf4 Rf5 22. Nxd3 Bb6 23. b4 Qd6 24. Qc2 Bc7 25. f4 Rd5 26. Bxe7 Nxe7 27. Rac1 Bb6 28. Rfe1 Rxd3 29. Rxe7 Rd2 30. Qe4 Rd4 31. Qe1 Qxf4 32. a3 Rfd8 33. Qe2 Qxc1+ 34. Kh2 Bc7+ 0-1

[Event "Ruhrgebiet VK1 0405"]
[Site "Ruhrgebiet"]
[Date "2005.04.10"]
[Round "9.8"]
[White "Faber, Harald"]
[Black "Hoffmann, Ben"]
[Result "1/2-1/2"]
[WhiteElo "1816"]
[BlackElo "1566"]
[PlyCount "22"]
[EventDate "2004.09.12"]
[EventType "team"]
[EventRounds "9"]
[EventCountry "GER"]
[SourceTitle "EXT 2006"]
[Source "ChessBase"]
[SourceDate "2005.11.24"]
[SourceVersion "1"]
[SourceVersionDate "2005.11.24"]
[SourceQuality "1"]
[WhiteTeam "Recklinghausen Sued"]
[BlackTeam "Oberhausen II"]
[WhiteTeamCountry "GER"]
[BlackTeamCountry "GER"]

1. e4 e5 2. Bc4 Nc6 3. Nf3 Bc5 4. c3 Nf6 5. d3 0-0 6. 0-0 h6 7. b4 Bb6 8. a4 a6 9. Nbd2 d6 10. Bb2 Bg4 11. h3 Bxf3 1/2-1/2